• 首页
  • 本馆介绍
  • 公告通知
  • 最新文献
  • 馆藏检索
  • 电子资源
  • 读者导购
  • 参考咨询
  • 我的图书馆
  • 登录
  • 详细信息显示
  • 放入我的书架
  • 预约/预借图书
  • 作者相关作品
  • 分类相关作品
  • 丛书相关作品
  • 出版社相关作品

书目信息

  • 表格格式
  • 工作单格式
  • 卡片格式
题名:
日本美人画
    
 
作者:
分册: 第一辑  
出版信息: 天津   天津人民美术出版社  2006
页数: 58页
开本: 26cm
丛书名:
单 册:
中图分类: J232(313)
科图分类:
主题词: 日本画--人物画--日本--画册 , 人物画 , 日本画
电子资源:
ISBN: 7-5305-3232-4
000 00687nam0 2200229 450
001 003192060
005 20070806085843.29
010    @a7-5305-3232-4@dCNY29.00
100    @a20060618d2006 em y0chiy0110 ea
101 0  @achi
102    @aCN@b120000
105    @aa z 000yy
200 1  @a日本美人画@9ri ben mei ren hua@h第一辑
210    @a天津@c天津人民美术出版社@d2006
215    @a58页@d26cm
330    @a本书收录了日本狩野芳崖的《鏻姬》、水野年方的《茶店》、水野年方的《朝雪》、寺崎广业的《秋园》等美人画。
606 0  @a日本画@x人物画@y日本@j画册
606 0  @a人物画
606 0  @a日本画
690    @aJ232(313)@v4
801  0 @aCN@bNLC@c20070806
905    @a10447@dJ232(313)@e77:1
    
    日本美人画.第一辑.-天津:天津人民美术出版社,2006
    58页;26cm
    
    
    ISBN 7-5305-3232-4:CNY29.00
    本书收录了日本狩野芳崖的《鏻姬》、水野年方的《茶店》、水野年方的《朝雪》、寺崎广业的《秋园》等美人画。
●
相关链接 在E读中查询图书 在五车中查询图书 在当当中查询图书 在豆瓣中查询图书


正题名:日本美人画     索取号:J232(313)/77:1         预约/预借

序号 登录号 条形码 馆藏地/架位号 状态 备注
1 0807035   208070353   第一样本阅览室/ [索取号:J232(313)/77:1] 在馆    
2 0807036   208070362   第一借阅区/ [索取号:J232(313)/77:1] 在馆    
3 0807037   208070371   第一借阅区/ [索取号:J232(313)/77:1] 已借出,限还日期为2010.02.04
借出人:尹义斌  
 
4 0807038   208070380   第一借阅区/ [索取号:J232(313)/77:1] 在馆    
5 0807039   208070399   第一借阅区/ [索取号:J232(313)/77:1] 在馆    
6 0807040   208070406   第一借阅区/ [索取号:J232(313)/77:1] 在馆    
7 0807041   208070415   第一借阅区/ [索取号:J232(313)/77:1] 在馆    
8 0807042   208070424   密集书库-美术系/ [索取号:J232(313)/77:1] 在馆    
9 0807043   208070433   密集书库-美术系/ [索取号:J232(313)/77:1] 在馆    
10 0807044   208070442   密集书库-美术系/ [索取号:J232(313)/77:1] 在馆    
唐山师范学院图书馆 欢迎您!
大连网信软件有限公司© 版权所有